Fauna vertebrada de la Central Hidroeléctrica Miel I / (Registro nro. 19140)
[ vista simple ]
| 000 -CABECERA | |
|---|---|
| Campo de control | 01327nam a2200277 a 4500 |
| 005 - FECHA Y HORA DE LA ULTIMA TRANSACCION | |
| Campo de control | 20161124164051.0 |
| 008 - ELEMENTOS DE LONGITUD FIJA—INFORMACION GENERAL | |
| Campo de control | 161124s2016 ck a||||r|||| 00| 0 spa d |
| 020 ## - ISBN | |
| ISBN | 9789584682956 |
| 040 ## - FUENTE DE CATALOGACIÓN | |
| Agencia catalogadora original | CO-BoIAVH |
| Agencia transcriptora | CO-BoIAVH |
| 041 0# - IDIOMA | |
| Código de idioma para texto/pista de sonido o título separado | Español |
| 044 ## - PAÍS DE PUBLICACIÓN | |
| País de publicación | Colombia |
| 082 04 - NUMERO DE CLASIFICACION DECIMAL DEWEY | |
| Número de clasificación | 590.7232 |
| Número del ítem | F26v |
| 245 00 - MENCION DE TITULO | |
| Título | Fauna vertebrada de la Central Hidroeléctrica Miel I / |
| Mención de responsabilidad | editado por Beatriz Toro Restrepo y Viviana Andrea Ramírez Castaño |
| 260 ## - PUBLICACION, DISTRIBUCION, ETC. (PIE DE IMPRENTA) | |
| Lugar de publicación, distribución, etc. | Manizales, Colombia : |
| Nombre del editor, distribuidor, etc. | ISAGEN, |
| Fecha de publicación, distribución, etc. | 2016. |
| 300 ## - DESCRIPCION FISICA | |
| Extensión | 113 páginas : |
| Otros detalles físicos | ilustraciones a color ; |
| Dimensiones | 22 x 14 cm. |
| 500 ## - NOTA GENERAL | |
| Nota general | Incluye índice de nombres científicos y glosario. |
| 504 ## - NOTA DE BIBLIOGRAFIA, ETC. | |
| Nota de bibliografía | Incluye referencias bibliográficas: páginas 109-112. |
| 650 16 - ASIENTO SECUNDARIO DE MATERIA - TERMINO TEMATICO | |
| Término temático o nombre geográfico como elemento de entrada | Fauna |
| Subdivisión general | identificación |
| Subdivisión geográfica | Central Hidroeléctrica Miel I (Caldas, Colombia) |
| 9 (RLIN) | 77335 |
| 650 26 - ASIENTO SECUNDARIO DE MATERIA - TERMINO TEMATICO | |
| Término temático o nombre geográfico como elemento de entrada | Anfibios |
| Subdivisión general | identificación |
| Subdivisión geográfica | Central Hidroeléctrica Miel I (Caldas, Colombia) |
| 9 (RLIN) | 77336 |
| 650 26 - ASIENTO SECUNDARIO DE MATERIA - TERMINO TEMATICO | |
| Término temático o nombre geográfico como elemento de entrada | Reptiles |
| Subdivisión general | identificación |
| Subdivisión geográfica | Central Hidroeléctrica Miel I (Caldas, Colombia) |
| 9 (RLIN) | 77337 |
| 650 26 - ASIENTO SECUNDARIO DE MATERIA - TERMINO TEMATICO | |
| Término temático o nombre geográfico como elemento de entrada | Aves |
| Subdivisión general | identificación |
| Subdivisión geográfica | Central Hidroeléctrica Miel I (Caldas, Colombia) |
| 9 (RLIN) | 77338 |
| 650 26 - ASIENTO SECUNDARIO DE MATERIA - TERMINO TEMATICO | |
| Término temático o nombre geográfico como elemento de entrada | Mamíferos |
| Subdivisión general | identificación |
| Subdivisión geográfica | Central Hidroeléctrica Miel I (Caldas, Colombia) |
| 9 (RLIN) | 77339 |
| 700 1# - ASIENTO SECUNDARIO - NOMBRE PERSONAL | |
| Nombre personal | Toro Restrepo, Beatriz |
| Término de relación | editora |
| 9 (RLIN) | 77333 |
| 700 1# - ASIENTO SECUNDARIO - NOMBRE PERSONAL | |
| Nombre personal | Ramírez Castaño, Viviana Andrea |
| Término de relación | editora |
| 9 (RLIN) | 77340 |
| 942 ## - ELEMENTOS ADICIONALES (KOHA) | |
| Sistema de clasificación | Dewey Decimal Classification |
| Tipo de ítem | Libro |
| Withdrawn status | Lost status | Sistema de Clasificación | Damaged status | No para préstamo | Colección | Inventariado | Ubicación Permanente | Ubicación actual | Fecha de adquisición | Fuente de Valor | Valor | Total Checkouts | Número topográfico | Inventario / Código de Barras | Date last seen | Ejemplar | Price effective from | Forma de adquisición | Tipo de material |
|---|---|---|---|---|---|---|---|---|---|---|---|---|---|---|---|---|---|---|---|
| Dewey Decimal Classification | General | Inventariado 2017 | Bogotá | Bogotá | 24/11/2016 | Instituto | 39000.00 | LB-590.7232 F26v | 040832 | 24/11/2016 | Ej. 1 | 24/11/2016 | Donación | Libro |